| 000 | 01374cad a22002775a 4500 | ||
|---|---|---|---|
| 001 | E148600 | ||
| 008 | 091012s2009 xxk f s000 0 eng d | ||
| 020 | _a9780755976713 | ||
| 035 | _a(Sirsi) u148600 | ||
| 041 | 0 | _aeng | |
| 050 | 0 | 4 | _a333.72 $2 18 |
| 110 | 2 |
_aCambridge Architectural Research Ltd. _93494 |
|
| 245 | 0 | 0 |
_aModelling greenhouse gas emissions from Scottish housing _bfinal report _h[electronic resource] |
| 260 |
_aEdinburgh _bScottish Government Social Research _c2009 |
||
| 505 | 2 | _aIntroduction -- Summary literature review -- Critique of BREDEM12 energy model -- Specification of DEMSCOT -- Economics modelling and consideration -- Critical appraisal of model -- Scenario modelling -- Moving forward -- Appendices | |
| 520 | _aPresents the results of research aimed at developing a model which would allow the Scottish Government to assess the results of various policies aimed at cutting CO2 emissions from housing. | ||
| 521 | _aAdvanced | ||
| 590 | _aKA | ||
| 651 | 4 |
_aScotland _y1999- |
|
| 690 | _aENVIRONMENTAL AND LAND CONSULTANCY-ENERGY-ENERGY USE-ENERGY EFFICIENCY | ||
| 710 | 1 |
_aCambridge Econometrics _92154 |
|
| 710 | 1 | _aRoger Talbot & Associates Ltd | |
| 710 | 1 | _aAlembic Research | |
| 856 | 4 | 0 |
_uhttps://www.scotland.gov.uk/Publications/2009/10/08143041/0 _zView the report free of charge at www.scotland.gov.uk... |
| 942 | _n0 | ||
| 999 |
_c110121 _d110121 |
||